| 000 | 00800nam a22002297a 4500 | ||
|---|---|---|---|
| 999 |
_c7367 _d7367 |
||
| 003 | AR-CdUCM | ||
| 008 | 190320b ||||| |||| 00| 0 spa d | ||
| 040 |
_aMUNICIPALIDAD PROVINCIAL DEL CUSCO _cBIBLIOTECA MUNICIPAL DEL CUSCO |
||
| 041 | _heng | ||
| 082 |
_a633.15 / _bA36 |
||
| 100 |
_aAldrich, Samuel R. _919767 |
||
| 245 | _aProducción moderna del maíz / | ||
| 260 |
_aMéxico : _bHemisferio sur, _c1974. |
||
| 300 |
_a308 páginas ; _bIlustraciones, _c27 cm. |
||
| 500 | _aTitulo original: Moder corn production. | ||
| 505 | _aComo crece la planta de maíz -- El maíz y su sistema de manejo -- Selección de híbridos -- Preparación de la sementera ... | ||
| 650 |
_aCultivo _919546 |
||
| 650 |
_aMaíz _920764 |
||
| 700 |
_aLeng, Earl R. _920765 |
||
| 942 |
_2ddc _cLIBROS |
||
| 945 | _aacv | ||